<?xml version="1.0" encoding="UTF-8"?>
<record
    xmlns:xsi="http://www.w3.org/2001/XMLSchema-instance"
    xsi:schemaLocation="http://www.loc.gov/MARC21/slim http://www.loc.gov/standards/marcxml/schema/MARC21slim.xsd"
    xmlns="http://www.loc.gov/MARC21/slim">

  <leader>05122nam a2200385   4500</leader>
  <controlfield tag="003">CHAP</controlfield>
  <controlfield tag="005">20240612124503.0</controlfield>
  <controlfield tag="007">ta</controlfield>
  <controlfield tag="008">240612s2021    mx abd|fom||| 001 0 spa d</controlfield>
  <datafield tag="040" ind1=" " ind2=" ">
    <subfield code="e">rda</subfield>
  </datafield>
  <datafield tag="041" ind1="0" ind2=" ">
    <subfield code="a">spa</subfield>
    <subfield code="b">eng</subfield>
  </datafield>
  <datafield tag="100" ind1="1" ind2=" ">
    <subfield code="9">189198</subfield>
    <subfield code="a">Diaz Guzman, Alan David</subfield>
  </datafield>
  <datafield tag="240" ind1="1" ind2="0">
    <subfield code="a">Analysis of the value network of the Bacanora agroindustry in the municipality of Bacanora, Sonora.</subfield>
    <subfield code="l">Espa&#xF1;ol</subfield>
  </datafield>
  <datafield tag="245" ind1="1" ind2="0">
    <subfield code="a">An&#xE1;lisis de la red de valor de la agroindustria del bacanora en el municipio de Bacanora, Sonora /</subfield>
    <subfield code="c">Alan David Diaz Guzman</subfield>
  </datafield>
  <datafield tag="264" ind1=" " ind2="0">
    <subfield code="a">Chapingo, M&#xE9;xico :</subfield>
    <subfield code="b">El autor,</subfield>
    <subfield code="c">2021</subfield>
  </datafield>
  <datafield tag="300" ind1=" " ind2=" ">
    <subfield code="a">1 recurso en l&#xED;nea ( x, 88 p&#xE1;ginas) :</subfield>
    <subfield code="b">ilustraciones, diagramas, mapas, gr&#xE1;ficas</subfield>
  </datafield>
  <datafield tag="336" ind1=" " ind2=" ">
    <subfield code="2">rdacontent</subfield>
    <subfield code="a">texto</subfield>
    <subfield code="b">txt</subfield>
  </datafield>
  <datafield tag="337" ind1=" " ind2=" ">
    <subfield code="2">rdamedia</subfield>
    <subfield code="a">computadora</subfield>
    <subfield code="b">c</subfield>
  </datafield>
  <datafield tag="338" ind1=" " ind2=" ">
    <subfield code="2">rdacarrier</subfield>
    <subfield code="a">recurso en l&#xED;nea</subfield>
    <subfield code="b">cr</subfield>
  </datafield>
  <datafield tag="502" ind1=" " ind2=" ">
    <subfield code="a">Tesis</subfield>
    <subfield code="b">IA</subfield>
    <subfield code="c">Agroindustrias</subfield>
    <subfield code="d">2021</subfield>
    <subfield code="g">LIC</subfield>
  </datafield>
  <datafield tag="504" ind1=" " ind2=" ">
    <subfield code="a">Bibliograf&#xED;a: 67-69 p&#xE1;ginas</subfield>
  </datafield>
  <datafield tag="520" ind1="3" ind2=" ">
    <subfield code="a">El bacanora es la bebida destilada proveniente del estado de Sonora, actualmente es una de las 6 bebidas destiladas con denominaci&#xF3;n de origen, junto con el tequila, mezcal, raicilla, sotol y charanda. La presente investigaci&#xF3;n, se realiz&#xF3; en el municipio de Bacanora, Sonora. Para la obtenci&#xF3;n de datos se realizaron encuestas dirigidas a productores de maguey, productores de bacanora y a clientes o consumidores. El objetivo del estudio es caracterizar la agroindustria del bacanora en el municipio, por medio de un an&#xE1;lisis con enfoque en redes de valor. Se determinaron los &#xED;ndices de adopci&#xF3;n de innovaciones (INAI), los cuales sirvieron para analizar la din&#xE1;mica de innovaci&#xF3;n de la red de innovaci&#xF3;n. Para el an&#xE1;lisis estad&#xED;stico se aplicaron el m&#xE9;todo de Clusterizaci&#xF3;n Aglomerativa Jer&#xE1;rquica y el An&#xE1;lisis de Componentes Principales (m&#xE9;todo ACP). As&#xED; mismo se realiz&#xF3; un an&#xE1;lisis financiero. El resultado de la metodolog&#xED;a aplicada determin&#xF3; que la din&#xE1;mica de la red de valor del bacanora es deficiente, es decir existe una desorganizaci&#xF3;n entre los distintos factores que la componen, esto se ve reflejado en el poco desarrollo de la agroindustria en los &#xFA;ltimos 27 a&#xF1;os, desde la eliminaci&#xF3;n de la prohibici&#xF3;n de producci&#xF3;n de bacanora. Esta es una red con bajos &#xED;ndices de innovaci&#xF3;n, sin embargo, es considerada rentable, debido a las utilidades generadas por la producci&#xF3;n del destilado. Aunque el volumen de producci&#xF3;n no ha aumentado en los &#xFA;ltimos a&#xF1;os, cada vez m&#xE1;s los mercados internacionales son m&#xE1;s exigentes en cuanto a calidad, lo que representar&#xED;a una oportunidad importante para el desarrollo de esta industria.</subfield>
  </datafield>
  <datafield tag="520" ind1="3" ind2=" ">
    <subfield code="a">The bacanora is the distilled beverage from the state of Sonora, actually, it&#xB4;s one of the six distilled beverages with Designation of Origin, like tequila, mezcal, raicilla, sotol and charanda. This investigation was carried out in the municipality of Bacanora, Sonora. For data collection, Surveys were applied to maguey producers, bacanora producers, and consumers. The objective of the research is to characterize the bacanora agroindustry in the municipality through an analysis with a focus on value networks. The innovation adoption rates (INAI) were determined, which served to analyze the innovation dynamics of the innovation network. For the statistical analysis, the Hierarchical Agglomerative Clusterization Method and the Principal Components Analysis (PCA method) were applied. As&#xED; mismo se realiz&#xF3; un an&#xE1;lisis financiero. The result of the applied methodology determined that the dynamics of the bacanora value network is deficient, that is, there is a disorganization between the different factors that compose it, this is reflected in the poor development of the agroindustry in the last 27 years, since the elimination of the bacanora production ban. This is a network with low innovation rates, however, it is considered profitable, due to the profits generated by the production of the distillate. Although the volume of production has not increased in recent years, more and more international markets are more demanding in terms of quality, which would represent an important opportunity for the development of this industry.</subfield>
  </datafield>
  <datafield tag="650" ind1="1" ind2="3">
    <subfield code="2">atg</subfield>
    <subfield code="9">146806</subfield>
    <subfield code="a">Bebidas alcoh&#xF3;licas</subfield>
    <subfield code="x">Organizaci&#xF3;n industrial y estructura de mercado</subfield>
    <subfield code="z">M&#xE9;xico</subfield>
    <subfield code="z">Sonora </subfield>
  </datafield>
  <datafield tag="650" ind1="1" ind2="3">
    <subfield code="2">atg</subfield>
    <subfield code="9">148013</subfield>
    <subfield code="a">Alcoholes et&#xED;licos  </subfield>
    <subfield code="z">M&#xE9;xico</subfield>
    <subfield code="z">Sonora</subfield>
  </datafield>
  <datafield tag="650" ind1="1" ind2="3">
    <subfield code="2">atg</subfield>
    <subfield code="9">150300</subfield>
    <subfield code="a">Industria de la destiler&#xED;a</subfield>
    <subfield code="x">Organizaci&#xF3;n industrial y estructura de mercado</subfield>
    <subfield code="z">M&#xE9;xico</subfield>
    <subfield code="z">Sonora</subfield>
  </datafield>
  <datafield tag="650" ind1="1" ind2="3">
    <subfield code="2">atg</subfield>
    <subfield code="9">160443</subfield>
    <subfield code="a">Alcoholic beverages</subfield>
    <subfield code="x">Industrial organization and market structure</subfield>
    <subfield code="z">Mexico</subfield>
    <subfield code="z">Sonora</subfield>
  </datafield>
  <datafield tag="650" ind1="1" ind2="3">
    <subfield code="2">atg</subfield>
    <subfield code="9">148015</subfield>
    <subfield code="a">Distilled spirits</subfield>
    <subfield code="z">Mexico</subfield>
    <subfield code="z">Sonora</subfield>
  </datafield>
  <datafield tag="650" ind1="1" ind2="3">
    <subfield code="2">atg</subfield>
    <subfield code="9">150297</subfield>
    <subfield code="a">Distilling industry</subfield>
    <subfield code="x">Industrial organization and market structure</subfield>
    <subfield code="z">Mexico</subfield>
    <subfield code="z">Sonora</subfield>
  </datafield>
  <datafield tag="700" ind1="1" ind2=" ">
    <subfield code="9">147446</subfield>
    <subfield code="a">Espejel Garc&#xED;a, Anastacio</subfield>
    <subfield code="e">director</subfield>
  </datafield>
  <datafield tag="700" ind1="1" ind2=" ">
    <subfield code="9">161577</subfield>
    <subfield code="a">Barrera Rodr&#xED;guez, Adriana Isabel</subfield>
    <subfield code="e">asesora</subfield>
  </datafield>
  <datafield tag="700" ind1="1" ind2=" ">
    <subfield code="9">150304</subfield>
    <subfield code="a">Ram&#xED;rez Sep&#xFA;lveda, Marco Favio</subfield>
    <subfield code="e">asesor</subfield>
  </datafield>
  <datafield tag="856" ind1="4" ind2="0">
    <subfield code="u">http://10.13.5.2/tesis/tl/2021_IA_Diaz_Guzman_AlanDavid.pdf</subfield>
    <subfield code="y">DESCARGAR PDF</subfield>
  </datafield>
  <datafield tag="942" ind1=" " ind2=" ">
    <subfield code="2">Clasificaci&#xF3;n Universidad Aut&#xF3;noma Chapingo</subfield>
    <subfield code="c">TD</subfield>
  </datafield>
  <datafield tag="999" ind1=" " ind2=" ">
    <subfield code="c">219988</subfield>
    <subfield code="d">219988</subfield>
  </datafield>
  <datafield tag="952" ind1=" " ind2=" ">
    <subfield code="0">0</subfield>
    <subfield code="1">0</subfield>
    <subfield code="2">local</subfield>
    <subfield code="4">0</subfield>
    <subfield code="5">1</subfield>
    <subfield code="7">0</subfield>
    <subfield code="8">TesDigL</subfield>
    <subfield code="a">BD</subfield>
    <subfield code="b">BD</subfield>
    <subfield code="c">E_L</subfield>
    <subfield code="d">2024-06-12</subfield>
    <subfield code="e">El autor</subfield>
    <subfield code="l">0</subfield>
    <subfield code="o">Tesis digital</subfield>
    <subfield code="p">1301013870</subfield>
    <subfield code="r">2024-06-12 00:00:00</subfield>
    <subfield code="w">2024-06-12</subfield>
    <subfield code="y">TD</subfield>
  </datafield>
  <datafield tag="952" ind1=" " ind2=" ">
    <subfield code="0">0</subfield>
    <subfield code="1">0</subfield>
    <subfield code="2">local</subfield>
    <subfield code="4">0</subfield>
    <subfield code="7">0</subfield>
    <subfield code="8">TesDigL</subfield>
    <subfield code="a">IA_</subfield>
    <subfield code="b">IA_</subfield>
    <subfield code="c">E_L</subfield>
    <subfield code="d">2024-06-12</subfield>
    <subfield code="e">El autor</subfield>
    <subfield code="l">0</subfield>
    <subfield code="p">1201013870</subfield>
    <subfield code="r">2024-06-12 00:00:00</subfield>
    <subfield code="w">2024-06-12</subfield>
    <subfield code="y">TD</subfield>
  </datafield>
</record>
